Statistiques concernant Personnalités photographiées avec Elisabeth II

Cliquez ici pour prendre le quiz!

Statistiques générales

  • Ce quiz a été pris 6 415 fois
  • Le résultat moyen est 12 sur 16

Statistiques - réponses

Réponse% Correct
Vladimir Poutine
98%
François Hollande
97%
Charles de Gaulle
96%
Charles III
95%
Diana Spencer
94%
Nelson Mandela
94%
Angela Merkel
91%
Lady Gaga
79%
Winston Churchill
76%
Boris Johnson
72%
George W. Bush
69%
Jean-Paul II
65%
Philip Mountbatten
63%
Justin Trudeau
62%
Margaret Thatcher
50%
Albert II de Monaco
48%

Distribution des résultats

Percentile par nombre de réponses

% des personnes avec chaque résultat

Votre développement - résultats

Vous n’avez pas pris ce quiz